000 00689nam a2200289Ia 4500
005 20260324122804.0
008 008 260324s9999 xx 000 0 eng d
020 _a9780203076330
037 _aEBOOK
040 _aCRL
040 _beng
040 _cCRL
041 _2eng
041 _aeng
084 _qCRL
100 _aK.J. Donnelly; Philip Hayward
_91167821
245 0 _aMusic in Science Fiction Television
245 0 _bTuned to the Future
260 _bTaylor and Francis
260 _c2012
365 _a
365 _b230
856 _uhttp://www.taylorfrancis.com/books/9780203076330
942 _cEBOOK
999 _c1760822
_d1760822